| 000 | 00541nam a2200181Ia 4500 | ||
|---|---|---|---|
| 005 | 20250508152033.0 | ||
| 008 | 008 250505s9999 xx 000 0 eng d | ||
| 037 | _aBooks to be hide in OPAC | ||
| 040 |
_aFEDL _beng _cFEDL |
||
| 041 |
_aeng _2eng |
||
| 084 |
_a370.954, IND/O _qFEDL |
||
| 100 |
_aCotton J S _9635092 |
||
| 245 | 0 | _aProgress of education in India 1892-93 to 1896-97 | |
| 260 |
_aLondon, UK _bDarling and Son, Ltd _c1898 |
||
| 300 | _axii,425p. | ||
| 942 |
_cHB _h370.954, IND/O |
||
| 999 |
_c1333833 _d1333833 |
||